00773nam a2200277Ia 450000500170000000800460001702000180006303700100008104000080009104000080009904000080010704100080011504100080012308400080013110000250013924500180016424500930018226000230027526000090029836500050030736500080031285600530032094200100037399900210038395200910040420260324113054.0008 260324s9999 xx 000 0 eng d a9781003317814 aEBOOK aCRL beng cCRL 2eng aeng qCRL aVictor Galaz9821384 0aDark Machines 0bHow Artificial Intelligence, Digitalization and Automation is Changing our Living Planet bTaylor and Francis c2024 a b220 uhttp://www.taylorfrancis.com/books/9781003317814 cEBOOK c1734765d1734765 00104070aCRLbCRLd2026-03-24l0pCL2016981r2026-03-24 11:30:54w2026-03-24yEBOOK